Primi 15 paesi interessati da Covid-19 - 8 luglio - Statistics

Statistiche generali
  • Questo quiz è stato fatto 5 volte
  • Il punteggio medio è 9 su 25
Statistiche sulle risposte
nazione % Corretto
Brasile
100%
Italia
100%
Stati Uniti
100%
India
75%
Spagna
75%
Messico
50%
Pakistan
50%
Regno Unito
50%
Russia
50%
Turchia
50%
Bielorussia
25%
Cile
25%
Cile
25%
Iran
25%
Panama
25%
Perù
25%
Sudafrica
25%
Svezia
25%
Arabia Saudita
0%
Armenia
0%
Bahrain
0%
Kuwait
0%
Oman
0%
Qatar
0%
Singapore
0%
Nessun quiz corrispondente trovato
Distribuzione punteggi
Percentuale di utenti per punteggio
Percentile per numero di risposta
I tuoi punteggi nel tempo
Non hai fatto questo quiz